Missing Vowel Countries Quiz Stats

 Plays Quiz not verified by Sporcle

Support Sporcle.
Go Orange.
Score 0/20 Timer 05:00
0 Plays Today
Country Answer % Correct
GYPTEgypt
85.7%
ZRBJNAzerbaijan
73.8%
DMCRTCRPBLCFTHCNGDemocratic Republic of the Congo
70.6%
KYRGYZSTNKyrgyzstan
70.6%
LSLVDREl Salvador
69.8%
STRLAustralia
69%
MNOman
68.3%
CLNDIceland
66.7%
RNIran
63.5%
THPEthiopia
58.7%
Country Answer % Correct
SRLIsrael
57.9%
SMSamoa
55.6%
PLPalau
55.6%
STMNDPRNCPSao Tome and Principe
54.8%
RTREritrea
50.8%
NTDSTTSFMRCUnited States of America
50%
STNEstonia
50%
GNGuinea
49.2%
TMRLSTTimor Leste
49.2%
SDRBSaudi Arabia
47.6%

You're not logged in!

Compare scores with friends on all Sporcle quizzes.
OR
Log In

From the Vault

FIFA 19 Player Ratings (Top 50)

by birdman2188

FIFA Soccer: Ruining friendships since the mid-90s.
Remove Ads.
Support Sporcle.
Get the best of Sporcle when you Go Orange. This ad-free experience offers more features, more stats, and more fun while also helping to support Sporcle. Thank you for becoming a member.

Show Comments

Extras

Created Jan 18, 2016ReportNominate
Tags:Country Quiz, Missing Vowels

Top Quizzes Today


Score Distribution

Your Account Isn't Verified!

In order to create a playlist on Sporcle, you need to verify the email address you used during registration. Go to your Sporcle Settings to finish the process.

Report this User

Report this user for behavior that violates our Community Guidelines.

Details: